| 000 | 00000nam 2200000zi 4500 |
| 001 | 9.947266 |
| 003 | CaOODSP |
| 005 | 20250122164711 |
| 006 | m o d f |
| 007 | cr |n||||||||| |
| 008 | 250122s1938 onca o f000 0 eng d |
| 040 | |aCaOODSP|beng|erda|cCaOODSP |
| 043 | |an-cn-mb |
| 086 | 1 |aA52-261/1938E-PDF |
| 086 | 1 |zA51-76E-PDF |
| 100 | 1 |aLeslie, W. R., |eauthor. |
| 245 | 10|aDominion Experimental Station, Morden, Manitoba : |bresults of experiments, 1931-1937 / |cW. R. Leslie. |
| 264 | 1|aOttawa : |bMinister of Agriculture, |c1938 |
| 300 | |a1 online resource (63 pages) : |billustrations |
| 336 | |atext|btxt|2rdacontent |
| 337 | |acomputer|bc|2rdamedia |
| 338 | |aonline resource|bcr|2rdacarrier |
| 500 | |aDigitized edition from print [provided by Agriculture and Agri-Food Canada]. |
| 610 | 25|aExperimental Station (Morden, Man.) |
| 610 | 25|aStation expérimentale (Morden, Man.) |
| 650 | 0|aAgricultural experiment stations|zManitoba|zMorden. |
| 650 | 6|aStations agronomiques|zManitoba|zMorden. |
| 710 | 2 |aExperimental Station (Morden, Man.), |eissuing body. |
| 710 | 2 |aDominion Experimental Farms and Stations (Canada), |eissuing body. |
| 856 | 40|qPDF|s13.70 MB|uhttps://publications.gc.ca/collections/collection_2024/aac-aafc/A51-76-1931-eng.pdf |